Bienvenue au Catalogue en Ligne des Bibliothèques de l'Universite du Burundi

La vie des équipements (Record no. 54041)

000 -GUIDE
Champ de contrôle de longueur fixe 00961nam a22002777a 4500
003 - IDENTITÉ DU NUMÉRO DE CONTRÔLE
Champ de contrôle BI-BuBU
008 - ÉLÉMENTS DE LONGUEUR FIXE - RENSEIGNEMENTS GÉNÉRAUX
Champ de contrôle de longueur fixe 260618b1968 fr fr|||| 000 0 fre d
037 ## - SOURCE D'ACQUISITION
Numéro d'inventaire 27052
Source d'acquisition et du numéro d'inventaire Fact. AMP. n° 1874 du 3.1.1969 FB 490
039 ## - NIVEAU DE CONTRÔLE BIBLIOGRAPHIQUE ET HISTORIQUE D'ENCODAGE [OBSOLETE]
Date creation 20260618100312.0
Nom catalographe Constance Niyimpa
040 ## - SOURCE DU CATALOGAGE
Organisme qui a effectué le catalogage original BI-BuBU
Code de la langue utilisée dans le catalogage fre
Organisme qui a effectué la transcription BI-BuBU
Organisme qui a effectué la modification BI-BuBU
041 0# - CODE DE LANGUE
Code de langue du texte/de la piste sonore ou du titre distinct fre
080 ## - INDICE DE LA CLASSIFICATION DÉCIMALE UNIVERSELLE (CDU)
Indice de la Classification décimale universelle 658.2
100 1# - VEDETTE PRINCIPALE - NOM DE PERSONNE
Code de relation aut.
Nom de personne Dethoor, J. M.
245 13 - MENTION DU TITRE
Titre La vie des équipements
Reste du titre investissement, renouvellement, maintenance
Mention de responsabilité, etc. par J. M. Dethoor, J. L. Groboillot ; préf. de Cl. Ponsard ; av.-pr. de J. Villemain.
260 ## - PUBLICATION, DIFFUSION, ETC. (ADRESSE BIBLIOGRAPHIQUE)
Lieu de publication, diffusion, etc. Paris
Nom de l'éditeur, diffuseur, etc. Dunod
Date of publication, distribution, etc 1968
300 ## - DESCRIPTION MATÉRIELLE
Collation 252 p.
Dimensions 22 cm.
440 #0 - MENTION DE COLLECTION / VEDETTE SECONDAIRE DE TITRE
Titre Initiation aux nouveautés de la science
Numéro de volume et/ou désignation d'ordre séquentiel 8
504 ## - NOTE DE BIBLIOGRAPHIE ET INDEX.
Note de bibliographie et index. Bibliogr.
650 #7 - VEDETTE-MATIÈRE - NOM COMMUN
Source du terme BI-BuBU
Vedette de sujet ou vedette comportant un nom géographique Entreprise
Subdivision générale Equipement
650 #7 - VEDETTE-MATIÈRE - NOM COMMUN
Source du terme BI-BuBU
Vedette de sujet ou vedette comportant un nom géographique Equipement (Entreprise)
655 #7 - TERME D'INDEXATION - GENRE OU FORME
Source du terme BI-BuBU
Données ou terme dominant sur le genre ou la forme Book
700 1# - VEDETTE SECONDAIRE - NOM DE PERSONNE
Code de relation aut.
Nom d'auteur Groboillot, J. L.
700 1# - VEDETTE SECONDAIRE - NOM DE PERSONNE
Code de relation préf.
Nom d'auteur Ponsard, Cl.
700 1# - VEDETTE SECONDAIRE - NOM DE PERSONNE
Code de relation collab.
Nom d'auteur Villemain, J.
942 ## - ÉLÉMENTS D'ENTRÉE ADDITIONNELLE (KOHA)
Source de la classification ou du système de rangement
Type d item koha BOOK
Holdings
Statut de retrait Statut de perte Source de la classification ou du système de rangement Statut de déterioration Exclu du prêt Numéro d item Koha Localisation permanente Localisation actuelle Date d'acquisition Source d'acquisition Nombre de prêts Cote Code-barres Date last seen Prix / coût de remplacement Prix en vigueur à partir du Type d item koha Numero d'inventaire
          85902 Bibliothèque de la Faculté des Sciences Économiques et Administratives Bibliothèque de la Faculté des Sciences Économiques et Administratives 18/06/2026 Achat   658.2 DET. 5010000691950 18/06/2026 0.00 18/06/2026 BOOK 27052
© 2019-2026 - Bibliothèques de l'Université du Burundi |Tous droits réservés
home | Pour toute information urgente Contactez nous | tel whatsupp: +25779204313